mako Mermaids Episodes - Statistics

General Stats
  • This quiz has been taken 9 times
  • The average score is 11 of 68
Answer Stats
season Ep title % Correct
getting Legs
38%
Sticky Situation
38%
the puzzle box
38%
The trident stone
38%
4 a visit from the east
25%
Awakening
25%
Close call
25%
Lyla Alone
25%
1 Outcasts
25%
Stay or go
25%
Surprise
25%
The chosen one
25%
2 The Seventh Cycle
25%
The Siren
25%
The Siren
25%
Zac's return to Mako
25%
Zac's return to mako
25%
Age before beauty
13%
3 A New man
13%
A New Tail
13%
Aquata Returns
13%
Bad for Business
13%
Battlelines
13%
Betrayal
13%
betrayed
13%
Blizzard
13%
Decision Time
13%
Discovery
13%
dolphin Tale
13%
Evie times Two
13%
First date
13%
Homecoming
13%
I Don't believe in Mermaids
13%
keeping the Secret
13%
Land School
13%
Letting go
13%
Lost and found
13%
Meeting rita
13%
Moon Ring 2
13%
mopping up
13%
New Beginnings
13%
new orders
13%
Nowhere to Hide
13%
Only as young as you feel
13%
recipe for success
13%
Reunion
13%
reversal of Fortune
13%
seeing is believing
13%
Sirena's Secret
13%
Stormy Sea
13%
Stowaway
13%
Supersized
13%
The Job
13%
The last dance
13%
The legend of Jiao Long
13%
The Merman code
13%
the Trident Job
13%
The truth about evie
13%
The way of the dragon
13%
Truce
13%
Trust
13%
Trust issues
13%
Turning the tide
13%
Where's the on Button
13%
Wishful Thinking
13%
Zac's Choice
13%
Zac's pool Party
13%
Careful watch you wish for
0%
No matching quizzes found
Score Distribution
Percent of People with Each Score
Percentile by Number Answered
Your Score History
You have not taken this quiz